Aj v investovaní rozhoduje o úspechu správne zvolená stratégia
Boom podielových fondov na Slovensku. Dôležitosť správneho strategického rozhodnutia pri investovaní. Výnosy a miera rizika pri investovaní. Riziko poklesu. Voľba príslušného fondu.
Enregistré dans:
| Auteur principal: | |
|---|---|
| Format: | Chapitre de livre |
| Langue: | slovaque |
| Sujets: | |
| Tags: |
Pas de tags, Soyez le premier à ajouter un tag!
|
MARC
| LEADER | 00000naa$a2200000$$$4500 | ||
|---|---|---|---|
| 001 | 0022840 | ||
| 005 | 20231009075603.4 | ||
| 041 | 0 | |a slo | |
| 044 | |a SK | ||
| 245 | 1 | 0 | |a Aj v investovaní rozhoduje o úspechu správne zvolená stratégia |c Jana Brondošová |
| 520 | |a Boom podielových fondov na Slovensku. Dôležitosť správneho strategického rozhodnutia pri investovaní. Výnosy a miera rizika pri investovaní. Riziko poklesu. Voľba príslušného fondu. | ||
| 610 | 2 | 0 | |a investovanie |
| 610 | 2 | 0 | |a rozhodovanie strategické |
| 610 | 2 | 0 | |a fondy podielové |
| 610 | 2 | 0 | |a výnosy |
| 610 | 2 | 0 | |a riziko |
| 100 | 1 | |a Brondošová, Jana | |